| 000 | 01135cam a2200361 4500 | ||
|---|---|---|---|
| 008 | 090401t1995 xxu||||| |||| 00| 0 eng d | ||
| 020 | _a0077079981 | ||
| 035 | _a(Sirsi) u42372 | ||
| 041 | _aeng | ||
| 050 | _a526.902469 | ||
| 100 | _aIrvine, William | ||
| 245 | _aSurveying for construction. | ||
| 250 | _a4th ed. | ||
| 260 |
_aLondon _bMcGraw Hill Book Company (U.K.) _c1995 |
||
| 300 | _ax,414p. : ill.,maps ; 30cm. | ||
| 350 | _a16.95 | ||
| 520 | _aA textbook of surveying methods and techniques aimed at students. Included are chapters on levelling, traverse surveys, tacheometry, radial positioning and mensuration. Questions and answers are provided for each subject area. | ||
| 520 | _aSuperseded by 5th ed (ISBN 0077111141). | ||
| 650 | _aCONTOURING | ||
| 650 | _aCURVE RANGING | ||
| 650 | _aLEVELLING | ||
| 650 | _aLINEAR SURVEYING | ||
| 650 | _aMAPS | ||
| 650 | _aPLANS | ||
| 650 | _aRADIAL POSITIONING | ||
| 650 | _aTACHOMETRY | ||
| 650 | _aTHEODOLITES | ||
| 650 | _aTRAVERSE SURVEYS | ||
| 650 | _aVERTICAL SECTIONS | ||
| 690 | _aBUILT ENVIRONMENT | ||
| 942 | _n0 | ||
| 948 | _c04/03/1997 | ||
| 999 |
_c91087 _d91087 |
||